000 01049naa a22002777a 4500
001 BR8502119
003 BR-BrBNA
005 20240918175602.0
007 ta
008 230509b bl.||||| |||| 00| 0 por d
040 _aBR-BrBNA
_bpor
_cBiblioteca Nacional de Agricultura
041 _a(Pt)
072 _aE14
_b/G514
_bGZ74
090 _aE14 BR8502119
100 1 _aRomano, P.A.
111 1 _aSimposio sobre o Potencial Agricola dos Cerrados
_cGoiania, GO (Brazil)
_d2-4 Sep 1985
245 1 _aOrganizacao da agricultura nos cerrados
260 3 _aCampinas, SP (Brasil):
_c1985.
500 _aTrabalhos apresentados no Simposio sobre o Potencial Agricola dos Cerrados Campinas, SP (Brasil): 1985. p. 153-166 (BR8502119-AM)E14
650 _aDESENVOLVIMENTO AGRICOLA
650 _aSUPRIMENTO DE ALIMENTO
650 _aCERRADO
773 0 _tTrabalhos apresentados no Simposio sobre o Potencial Agricola dos Cerrados
_wE14 BR8502119
_gCampinas, SP (Brasil), 1985. p. 153-166
909 _a202404
_bLucia
_c55
_dLucia Elande
942 _cAM
_2AGRIS
999 _c317339
_d317339